| 000 | 01338nam a2200265Ia 4500 | ||
|---|---|---|---|
| 003 | OSt | ||
| 005 | 20220930095056.0 | ||
| 006 | a|||||r|||| 00| 0 | ||
| 007 | ta | ||
| 008 | 220926b |||||||| |||| 00| 0 hin d | ||
| 024 | _a71465 | ||
| 037 | _cTheses | ||
| 040 |
_aCRL _cCRL _bhin |
||
| 041 |
_2hin _ahin |
||
| 100 |
_aमिश्र, द्वारिका नाथ, ले. _9160609 |
||
| 110 |
_aदिल्ली विश्वविद्यालय. संगीत एवम् ललित कला संकाय. संगीत विभाग _9556912 |
||
| 245 | 0 |
_aबनारस घराने के सुविख्यात संगीतज्ञ पं. बड़े रामदास मिश्र _b व्यक्तित्व एवं कृतित्व |
|
| 246 | _aBanāras gharāne ke suvikhyāt sangītagna pan. Baड़e rāmadās mishra: vyaktitva evan kṛutitva | ||
| 260 | _c2019 | ||
| 300 |
_a209पृ0 _ap. _ccm. |
||
| 650 | _aसंगीत शास्त्र | ||
| 700 |
_aदिल्ली विश्वविद्यालय. संगीत एवम् ललित कला संकाय. संगीत विभाग _9556913 |
||
| 942 |
_cDIS _2CC |
||
| 999 |
_c888281 _d888281 |
||